[Event "Subang Jaya op 12th"]
[Site "Subang Jaya"]
[Date "2024.01.28"]
[Round "6"]
[White "Ishak, Mohd Hafizul"]
[Black "Wan Abd Rahim, Wan Mohd Azmie"]
[Result "1/2-1/2"]
[WhiteElo "1568"]
[BlackElo "1667"]
[PlyCount "37"]
[EventDate "2024.01.27"]
[EventType "swiss"]
[EventRounds "8"]
[EventCountry "MAS"]
[SourceTitle "CB06_2024"]
[SourceDate "2024.02.07"]
[SourceVersion "1"]
[SourceVersionDate "2024.02.07"]
[SourceQuality "1"]

1. e4 d5 2. exd5 Qxd5 3. Nc3 Qd8 4. Bc4 Nf6 5. d3 a6 6. Nf3 b5 7. Bb3 Bb7 8. Bg5 e6 9. Qe2 Be7 10. h4 Nbd7 11. h5 h6 12. Be3 c5 13. a3 b4 14. axb4 cxb4 15. Na4 Nd5 16. Bd2 N5f6 17. Be3 Nd5 18. Bd2 N5f6 19. Be3 1/2-1/2

[Event "Subang Jaya op 12th"]
[Site "Subang Jaya"]
[Date "2024.01.27"]
[Round "2"]
[White "Ishak, Mohd Hafizul"]
[Black "Wang, Xin Ran Claire"]
[Result "1-0"]
[WhiteElo "1568"]
[BlackElo "1301"]
[PlyCount "83"]
[EventDate "2024.01.27"]
[EventType "swiss"]
[EventRounds "8"]
[EventCountry "MAS"]
[SourceTitle "CB06_2024"]
[SourceDate "2024.02.07"]
[SourceVersion "1"]
[SourceVersionDate "2024.02.07"]
[SourceQuality "1"]

1. d4 d5 2. c4 e6 3. Nc3 Nf6 4. Bg5 Be7 5. Nf3 0-0 6. e3 h6 7. Bh4 b6 8. cxd5 exd5 9. Bd3 Be6 10. Rc1 Nbd7 11. 0-0 c5 12. Ne5 Nxe5 13. dxe5 Nd7 14. Bxe7 Qxe7 15. f4 f5 16. Bb5 Qf7 17. Bc6 Rad8 18. Bxd5 Nxe5 19. Bxe6 Qxe6 20. Qe2 Ng4 21. e4 fxe4 22. Qxe4 Qxe4 23. Nxe4 Rd4 24. Rce1 g5 25. h3 Nf6 26. Nxf6+ Rxf6 27. fxg5 Rxf1+ 28. Kxf1 hxg5 29. Re5 Rd2 30. Rxg5+ Kh7 31. Re5 Rxb2 32. Re7+ Kg6 33. Rxa7 c4 34. Rc7 b5 35. a4 bxa4 36. Rxc4 a3 37. Ra4 a2 38. Ra6+ Kg5 39. Ra5+ Kh4 40. Kg1 Rb1+ 41. Kh2 a1Q 42. g3# 1-0

[Event "Budha Bhandari Memorial"]
[Site "Budhanilkantha"]
[Date "2019.11.14"]
[Round "9"]
[White "Ishak, Mohd Hafizul"]
[Black "Maharjan, Prem Krishna"]
[Result "0-1"]
[WhiteElo "1749"]
[BlackElo "1906"]
[PlyCount "80"]
[EventDate "2019.11.09"]
[EventType "swiss"]
[EventRounds "9"]
[EventCountry "NEP"]
[SourceTitle "CBM 193 Extra"]
[Source "ChessBase"]
[SourceDate "2020.01.31"]
[SourceVersion "1"]
[SourceVersionDate "2020.01.31"]
[SourceQuality "1"]

1. d4 e5 2. dxe5 Nc6 3. f4 Bc5 4. Nc3 Nge7 5. Nf3 Nf5 6. Qd3 d6 7. a3 0-0 8. e4 Nfd4 9. Na4 Qe7 10. Nxc5 Nxf3+ 11. Qxf3 Nd4 12. Qc3 dxc5 13. Be3 Bg4 14. Bxd4 cxd4 15. Qxd4 Rad8 16. Qe3 Qh4+ 17. Qg3 Qh5 18. Bd3 f6 19. 0-0 fxe5 20. fxe5 Be2 21. Rxf8+ Rxf8 22. Re1 Bg4 23. Bc4+ Kh8 24. h3 Bc8 25. e6 Qc5+ 26. Kh2 Qxc4 27. e7 Re8 28. Rd1 Qxe4 29. Qxc7 Be6 30. Rd8 Bf7 31. b4 h6 32. c4 Kh7 33. Rxe8 Bxe8 34. b5 a6 35. a4 axb5 36. axb5 Kg8 37. Kg3 g5 38. c5 Kf7 39. c6 b6 40. Kf2 Qf4+ 0-1

[Event "Budha Bhandari Memorial"]
[Site "Budhanilkantha"]
[Date "2019.11.12"]
[Round "5"]
[White "Ishak, Mohd Hafizul"]
[Black "Lee, Soi Hock"]
[Result "1-0"]
[WhiteElo "1749"]
[BlackElo "1977"]
[PlyCount "72"]
[EventDate "2019.11.09"]
[EventType "swiss"]
[EventRounds "9"]
[EventCountry "NEP"]
[SourceTitle "CBM 193 Extra"]
[Source "ChessBase"]
[SourceDate "2020.01.31"]
[SourceVersion "1"]
[SourceVersionDate "2020.01.31"]
[SourceQuality "1"]

1. c4 e5 2. Nc3 Nc6 3. g3 Bb4 4. d3 f5 5. Bg2 Nf6 6. a3 Bxc3+ 7. bxc3 0-0 8. Bg5 h6 9. Bd5+ Kh7 10. h4 Ne7 11. Bxf6 Rxf6 12. Bg2 d6 13. Nf3 c6 14. Qb3 Rb8 15. Qc2 Kg8 16. a4 Qa5 17. 0-0 f4 18. Kh2 Bf5 19. e4 Bg4 20. d4 Rbf8 21. Ng1 f3 22. Bh3 h5 23. Rab1 Qc7 24. dxe5 dxe5 25. Qb3 Rb8 26. c5+ Kh7 27. Rfd1 b6 28. Rd3 Rd8 29. cxb6 axb6 30. Rxd8 Qxd8 31. Qxb6 Qd3 32. Bf1 Qxc3 33. Nh3 Bxh3 34. Bxh3 Qc2 35. a5 c5 36. Rb2 Qc3 1-0

[Event "Puchong op 6th"]
[Site "Puchong"]
[Date "2019.08.24"]
[Round "2"]
[White "Che Cob, Mohd Amin"]
[Black "Ishak, Mohd Hafizul"]
[Result "1/2-1/2"]
[WhiteElo "1495"]
[BlackElo "1778"]
[PlyCount "184"]
[EventDate "2019.08.24"]
[EventType "swiss"]
[EventRounds "6"]
[EventCountry "MAS"]
[SourceTitle "EXT 2020"]
[Source "ChessBase"]
[SourceDate "2019.10.17"]
[SourceVersion "1"]
[SourceVersionDate "2019.10.17"]
[SourceQuality "1"]

1. e4 d5 2. exd5 Nf6 3. d4 Nxd5 4. c4 Nf6 5. Nc3 c6 6. Nf3 Bf5 7. Bd3 Bg6 8. Bxg6 hxg6 9. Qd3 Qc7 10. Be3 e6 11. 0-0-0 Nbd7 12. Kb1 0-0-0 13. Ne4 Nxe4 14. Qxe4 Nf6 15. Qc2 Rh5 16. Ne5 Bd6 17. f4 Bxe5 18. fxe5 Ng4 19. Qe2 Nxe3 20. Qxe3 Kb8 21. h3 Qe7 22. Rhf1 Rdh8 23. Rf4 Rf5 24. Rxf5 gxf5 25. d5 exd5 26. cxd5 cxd5 27. Rxd5 Re8 28. Qd4 a6 29. g4 fxg4 30. hxg4 f6 31. exf6 gxf6 32. a3 Qe1+ 33. Ka2 Qe6 34. Kb1 Qe4+ 35. Qxe4 Rxe4 36. Rf5 Rxg4 37. Rxf6 Rg2 38. Ka2 Kc7 39. Rf3 b5 40. Rf6 Kb7 41. Re6 a5 42. Rf6 Rc2 43. Kb3 Rc4 44. Rg6 Rd4 45. Rh6 Rd3+ 46. Ka2 Kc7 47. Rg6 Rd6 48. Rg7+ Kb6 49. Rg5 Kc6 50. Rh5 Rd5 51. Rh6+ Kc5 52. Rh8 a4 53. Rc8+ Kb6 54. Rb8+ Kc7 55. Rh8 Rd6 56. Rh7+ Kc6 57. Rh8 Re6 58. Rc8+ Kd5 59. Rd8+ Kc4 60. Rc8+ Kd4 61. Rd8+ Kc5 62. Rc8+ Rc6 63. Rb8 Kc4 64. Rh8 Rc5 65. Rh4+ Kd3 66. Rh3+ Ke2 67. Rh2+ Kf3 68. Rh4 Rd5 69. Rb4 Ke3 70. Rh4 Kd3 71. Rh3+ Kc4 72. Rc3+ Kd4 73. Rc8 Rc5 74. Rd8+ Kc4 75. Rh8 Rd5 76. Rc8+ Kd4 77. Rc3 Re5 78. Rc8 Re3 79. Rd8+ Kc5 80. Rc8+ Kb6 81. Rb8+ Ka6 82. Rh8 Rb3 83. Rc8 Kb7 84. Rc5 Kb6 85. Rc8 Rd3 86. Rc2 Rd4 87. Rc3 Rc4 88. Rh3 b4 89. axb4 Rxb4 90. Rh6+ Ka5 91. Rh5+ Rb5 92. Rxb5+ Kxb5 1/2-1/2

[Event "Puchong op 6th"]
[Site "Puchong"]
[Date "2019.08.24"]
[Round "3"]
[White "Ishak, Mohd Hafizul"]
[Black "Khairil Aswan, Ahmad Zaeem Zhafran"]
[Result "0-1"]
[WhiteElo "1778"]
[BlackElo "1266"]
[PlyCount "134"]
[EventDate "2019.08.24"]
[EventType "swiss"]
[EventRounds "6"]
[EventCountry "MAS"]
[SourceTitle "EXT 2020"]
[Source "ChessBase"]
[SourceDate "2019.10.17"]
[SourceVersion "1"]
[SourceVersionDate "2019.10.17"]
[SourceQuality "1"]

1. d4 Nf6 2. c4 e5 3. dxe5 Ng4 4. Nf3 Bc5 5. e3 Nc6 6. a3 Ngxe5 7. Nxe5 Nxe5 8. Qd5 Qe7 9. b4 Bb6 10. Bb2 f6 11. c5 c6 12. Qb3 Bc7 13. Be2 d5 14. cxd6 Bxd6 15. Nd2 Be6 16. Qc2 0-0 17. 0-0 Rfd8 18. Rad1 Rac8 19. Ne4 Bb8 20. Nc5 Bf7 21. Rfe1 Qc7 22. f4 Ng6 23. Bg4 Rxd1 24. Rxd1 Rd8 25. Rxd8+ Qxd8 26. Nxb7 Qe7 27. Na5 Qxe3+ 28. Qf2 Qxf2+ 29. Kxf2 Nxf4 30. Bd4 Bd5 31. g3 Nd3+ 32. Ke3 Ne5 33. Bxe5 Bxe5 34. Bd7 Bb2 35. Bxc6 Be6 36. b5 Bxa3 37. Kd4 Bb4 38. Nb7 Kf8 39. Bd5 Bd7 40. Kc4 Be7 41. Na5 Bd8 42. Kb4 Bb6 43. Bc6 Be6 44. Be4 h6 45. Nb7 Ke7 46. Bg2 f5 47. Nc5 Bc8 48. Nd3 Kd6 49. h3 g5 50. Bc6 Be6 51. Bf3 Bd5 52. Be2 Bg2 53. h4 gxh4 54. gxh4 Be4 55. Kc4 Bd8 56. h5 Bb6 57. Nf4 Ke5 58. Ng6+ Kf6 59. Nf4 Kg5 60. Nd5 f4 61. Nxb6 axb6 62. Kd4 f3 63. Bf1 Bb7 64. Ke3 Kxh5 65. Bh3 Kh4 66. Bd7 Kg3 67. Bc6 f2 0-1